000 00409nam a2200145Ia 4500
008 100122s9999 xx 000 0 und d
082 _b71718
_a823.08
100 _aसितूत शुभा
245 _aऋणानुबंध
260 _bमधुरा प्रकाशन
_c2007
300 _a120
630 _aऋणानुबंध
730 _aऋणानुबंध
942 _cBOOK
999 _c442208
_d442205